banner-ar

A LA MEMOIRE DE FEU SA HAUTESSE LE SUITAN D'EGYPTE / (Record no. 19235)

MARC details
000 -الفاتح
حقل البيانات ثابتة الطول 00547nam a2200181Ia 4500
008 - عناصر البيانات ثابتة الطول - معلومات عامة
حقل البيانات ثابتة الطول 140319s9999 xx 000 0 eng d
040 ## - مصدر الفهرسة
وكالة الفهرسة الأصلية GCL /
وكالة النسخ GCL
082 04 - رقم تصنيف ديوى العشرى
رقم التصنيف CC
رقم المادة 901.9
-- I M
100 1# - المدخل الرئيسى - إسم شخصى
الإسم الشخصى I,MAJESTE FOROUK
245 10 - بيان العنوان
العنوان A LA MEMOIRE DE FEU SA HAUTESSE LE SUITAN D'EGYPTE /
بيان المسئوليه,etc I,MAJESTE FOROUK
260 ## - PUBLICATION, DISTRIBUTION, ETC. (IMPRINT)
تاريخ النشر أو التوزيع 1922
300 ## - الوصف المادى
التعداد 61 PP
490 ## - بيان السلسلة
عنوان السلسلة MEMOIRES PRESENTES AL'INSTITUT D'EGYPTE
رقم المجلد/ التعيين التسلسلي 0
650 04 - المدخل الاضافى بالموضوع-مصطلح موضوعى
مصطلح موضوعي EGYPT - BIOGRAPHIES
650 04 - المدخل الاضافى بالموضوع-مصطلح موضوعى
مصطلح موضوعي EGYPT - HISTORY
942 ## - عناصر المدخل الإضافي( كوها)
مصدر التصنيف او مخطط الترفيف Dewey Decimal Classification
Koha [default] item type كتاب
260 ## - PUBLICATION, DISTRIBUTION, ETC. (IMPRINT)
-- [S.N] :
-- IMPRIMERIE DE L'INSTITUT FRANCAIS ،
Holdings
حالة التراجع حالة الفقد حالة تلف ليس للاعارة المكان المؤقت الموقع الحالى تاريخ الاكتساب اجمالي اﻻعارات رقم الطلب الباركود تاريخ اخر مشاهدة تاريخ تفعيل السعر نوع وعاء كوها
        مكتبة القاهرة الكبرى مكتبة القاهرة الكبرى 03/26/2014   CC\901.9\I M 36794 03/26/2014 03/26/2014 كتاب
        مكتبة القاهرة الكبرى مكتبة القاهرة الكبرى 03/26/2014   CC\901.9\I M 36795 03/26/2014 03/26/2014 كتاب

Powered By

EGPV